Focus on waste (Record no. 71395)
[ view plain ]
| 000 -LEADER | |
|---|---|
| fixed length control field | 01179cam a2200241 4500 |
| 001 - CONTROL NUMBER | |
| control field | ABS66113 |
| 008 - FIXED-LENGTH DATA ELEMENTS--GENERAL INFORMATION | |
| fixed length control field | 021021n2002 000 0 eng u |
| 035 ## - SYSTEM CONTROL NUMBER | |
| System control number | (Sirsi) u120195 |
| 100 ## - MAIN ENTRY--PERSONAL NAME | |
| Personal name | Price, J. |
| 245 ## - TITLE STATEMENT | |
| Title | Focus on waste |
| 260 ## - PUBLICATION, DISTRIBUTION, ETC. | |
| Date of publication, distribution, etc. | 2002 |
| 490 ## - SERIES STATEMENT | |
| Series statement | Energy and Environmental Management |
| Volume/sequential designation | 1-12(12) |
| 520 ## - SUMMARY, ETC. | |
| Summary, etc. | Series of articles which focus on waste and recycling. Topics covered include the challenge to deliver a more sustainable waste management solution; the challenge to environmental policy makers in the UK to translate sustainable EU directives into practice; highlighting how companies throw away profit in the forms of avoidable waste; describing the Waste and resources action programme (WRAP); outlining some waste management projects; describing RMC Aggregates strategy for managing waste and looking at solutions to the fridge mountain. Gives list of contacts. |
| 590 ## - LOCAL NOTE (RLIN) | |
| Local note | ABS |
| 650 ## - SUBJECT ADDED ENTRY--TOPICAL TERM | |
| Topical term or geographic name entry element | RECYCLING |
| 650 ## - SUBJECT ADDED ENTRY--TOPICAL TERM | |
| Topical term or geographic name entry element | RECYCLED AGGREGATES |
| 650 ## - SUBJECT ADDED ENTRY--TOPICAL TERM | |
| Topical term or geographic name entry element | EU DIRECTIVES |
| 650 ## - SUBJECT ADDED ENTRY--TOPICAL TERM | |
| Topical term or geographic name entry element | SUSTAINABLE DEVELOPMENT |
| 650 ## - SUBJECT ADDED ENTRY--TOPICAL TERM | |
| Topical term or geographic name entry element | PROJECTS |
| 650 ## - SUBJECT ADDED ENTRY--TOPICAL TERM | |
| Topical term or geographic name entry element | ELECTRICAL GOODS |
| 690 ## - LOCAL SUBJECT ADDED ENTRY--TOPICAL TERM (OCLC, RLIN) | |
| Topical term or geographic name as entry element | ENVIRONMENTAL AND LAND CONSULTANCY-WASTE MANAGEMENT |
| 942 ## - ADDED ENTRY ELEMENTS (KOHA) | |
| Suppress in OPAC | 0 |
| Withdrawn status | Lost status | Source of classification or shelving scheme | Damaged status | Not for loan | Home library | Current library | Shelving location | Date acquired | Total Checkouts | Full call number | Barcode | Date last seen | Copy number | Price effective from | Koha item type |
|---|---|---|---|---|---|---|---|---|---|---|---|---|---|---|---|
| Dewey Decimal Classification | London | London | Journal article | 21/10/2002 | ABS66113 | 120195-1001 | 06/08/2019 | 1 | 06/08/2019 | Journal article |